Testi e problemi del giusnaturalismo romano

Wedi'i Gadw mewn:
Manylion Llyfryddiaeth
Prif Awduron: Mantovani, Dario (autor), Schiavone, Aldo (Awdur)
Fformat: Llyfr
Iaith:Eidaleg
Almaeneg
Cyhoeddwyd: Pavía Iuss Press 2007
Pynciau:
Tagiau: Ychwanegu Tag
Dim Tagiau, Byddwch y cyntaf i dagio'r cofnod hwn!

MARC

LEADER 00000nam a2200000 a 4500
001 UCG6375
003 CL-VaPUC
005 20210803121802.0
008 110421e20070000IT |||||||||||||||||ita|d
999 |c 344631  |d 344629 
020 |a 9788873580409 
040 |c Pontificia Universidad Católica de Valparaíso 
041 0 7 |a ita  |2 CL-VaPUC 
041 0 7 |a ger  |2 CL-VaPUC 
082 0 4 |a 340.11 MAN 2007  |2 21 
100 |a Mantovani, Dario  |e autor  |9 556538 
245 1 0 |a Testi e problemi del giusnaturalismo romano 
260 |a Pavía  |b Iuss Press  |c 2007 
300 |a 793 páginas 
583 |a last modification  |c 20110421 00:00:00  |k Rodrigo Vera 
600 0 7 |a CICERON  |2 CL-VaPUC  |9 542017 
600 0 |a Marco Aurelio,  |d 121-180  |9 347213 
600 0 7 |a PLATON  |2 CL-VaPUC  |9 222 
650 0 |a Derecho natural   |9 255041 
650 0 |a Derecho romano  |9 255930 
650 0 |a Historia del derecho  |9 255109 
650 0 |a Historia de Roma   |9 315349 
651 0 |a Roma   |9 255106 
651 0 |a Grecia  |9 265314 
700 0 |a Schiavone, Aldo  |e author  |9 556539 
942 |c BK  |2 ddc 
945 |d 20110421 00:00:00  |a jcampos 
952 |0 0  |1 0  |2 ddc  |4 0  |6 340_110000000000000_MAN_2007  |7 0  |8 DER_ROM  |9 442703  |a BIBDER  |b BIBDER  |d 2019-11-22  |i 476787K  |o 340.11 MAN 2007  |p 476787K  |r 2023-01-25  |t 1  |w 2019-11-22  |x Ubicación 4to piso  |y BK  |z Este recurso debe solicitarse con anticipación  |k DER